00345nam a2200109Ia 4500008004100000082002100041100001800062245004400080260003000124630001800154650006300172211122s9999||||xx |||||||||||||| ||und|| a894.812 4bSAR-S aSaradamoni, K 0aSthree, Sthree Vadam, Sthree Vimochanam bD c BooksaKottayamc1999 xGeneral Stack aMalayalam LiteraturevMalayalam Essays LiteratureMalayalam